000 00551nam a2200169Ia 4500
008 151021s9999 xx 000 0 und d
020 _a013914854x
050 _aRC570 .C74 1987
245 _a_Therapeautic recreation and adapted physical activities for mentally retarded individuals Michael E.Crawford
260 _aNew Jersey Prentice -hall 1987
300 _axv,272p.;ill
500 _aIncludes index.
500 _aIncludes index.
650 _a_Mentally handicapped
700 _a_Ron mendell
980 _a^d20130514 05:08:22^oanne
999 _c13282
_d13282